[Event "Foment Martinenc op-C 16th"]
[Site "Barcelona"]
[Date "2014.06.21"]
[Round "9"]
[White "Avila Lopez, Joan"]
[Black "Malatesta Guerrero, Eloy"]
[Result "1-0"]
[WhiteElo "1700"]
[BlackElo "1775"]
[PlyCount "59"]
[EventDate "2014.04.26"]
[EventType "swiss"]
[EventRounds "9"]
[EventCountry "ESP"]
[SourceTitle "EXT 2015"]
[Source "ChessBase"]
[SourceDate "2014.11.20"]
[SourceVersion "1"]
[SourceVersionDate "2014.11.20"]
[SourceQuality "1"]

1. d4 Nf6 2. Nc3 g6 3. Bf4 d5 4. e3 Bg7 5. Nf3 0-0 6. Bd3 a6 7. 0-0 Nc6 8. Qd2 Nb4 9. e4 Nxd3 10. cxd3 c6 11. Bh6 Re8 12. e5 Ng4 13. Bxg7 Kxg7 14. Ne2 f6 15. Nf4 g5 16. Nh5+ Kg6 17. Ng3 Nh6 18. h4 Nf7 19. Rfe1 Bg4 20. e6 Bxf3 21. exf7 Kxf7 22. gxf3 gxh4 23. Nf5 Rg8+ 24. Kf1 Rg5 25. Qf4 e6 26. Nxh4 Qb6 27. Qh2 Re8 28. Ng2 Kg7 29. Nf4 Qc7 30. Nh5+ 1-0

[Event "Barcelona La Lira-C 15th"]
[Site "Barcelona"]
[Date "2012.07.24"]
[Round "4"]
[White "Malatesta Guerrero, Eloy"]
[Black "Lopez Palomino, Nilton Cesar"]
[Result "0-1"]
[WhiteElo "1728"]
[BlackElo "1754"]
[PlyCount "50"]
[EventDate "2012.07.21"]
[EventType "tourn"]
[EventRounds "9"]
[EventCountry "ESP"]
[SourceTitle "EXT 2014"]
[Source "ChessBase"]
[SourceDate "2013.11.20"]
[SourceVersion "1"]
[SourceVersionDate "2013.11.20"]
[SourceQuality "1"]

1. e4 e5 2. Nf3 Nf6 3. Nxe5 d6 4. Nf3 Nxe4 5. d3 Nf6 6. Nc3 Be7 7. g3 0-0 8. Bg2 c6 9. 0-0 Bg4 10. h3 Bf5 11. Nd4 Bd7 12. Re1 Re8 13. Ne4 d5 14. Nxf6+ Bxf6 15. Nb3 Na6 16. c4 Be6 17. cxd5 Bxd5 18. Bxd5 Qxd5 19. Be3 Bxb2 20. Rb1 Bf6 21. Bxa7 Rxe1+ 22. Qxe1 Qxd3 23. Na5 Bc3 24. Rd1 Bxe1 25. Rxd3 Bxa5 0-1